[Event "Politiken Cup 2007"]
[Site "Helsingor"]
[Date "2007.07.26"]
[Round "8.23"]
[White "Ringoir, Tanguy"]
[Black "Pedersen, Christian Kyndel"]
[Result "0-1"]
[WhiteElo "2208"]
[BlackElo "2392"]
[PlyCount "138"]
[EventDate "2007.??.??"]

1. e4 c5 2. Nc3 d6 3. f4 g6 4. Nf3 Bg7 5. g3 Nc6 6. Bg2 e6 7. d3 Nge7 8. O-O
O-O 9. Be3 b6 10. d4 d5 11. exd5 Nf5 12. Bf2 Ncxd4 13. Ne5 exd5 14. Nxd5 Be6
15. c4 Rc8 16. b3 Re8 17. Re1 Qd6 18. g4 Ne7 19. Bxd4 cxd4 20. Qxd4 Bxg4 21.
Qd2 Nxd5 22. Qxd5 Bxe5 23. fxe5 Qe7 24. Qd6 Qg5 25. Qf6 Qxf6 26. exf6 Re6 27.
Rf1 Bf5 28. Rad1 Rxf6 29. Bh3 Rc5 30. Rd4 Kg7 31. Bxf5 Rfxf5 32. Rc1 a5 33. Rd6
b5 34. Rd4 Rg5+ 35. Kh1 Rge5 36. Rc2 a4 37. bxa4 bxc4 38. Rdxc4 Rxc4 39. Rxc4
Re2 40. a3 Re3 41. Kg2 Rxa3 42. Kf2 f5 43. Rc7+ Kh6 44. Ra7 g5 45. a5 Kg6 46.
Ra8 Ra2+ 47. Kg1 Kh5 48. a6 Kg4 49. a7 Kf3 50. h3 h6 51. Rh8 Rxa7 52. Rxh6 Kg3
53. Kf1 Ra1+ 54. Ke2 Rh1 55. Rh5 Kf4 56. Kf2 Rh2+ 57. Kf1 Ra2 58. Ke1 Rb2 59.
Kf1 Kf3 60. Ke1 Kf4 61. Kf1 g4 62. hxg4 fxg4 63. Ra5 Kg3 64. Ra3+ Kh2 65. Ra8
Rb1+ 66. Kf2 g3+ 67. Kf3 Rb3+ 68. Ke2 g2 69. Rh8+ Rh3 0-1

[Event "Politiken Cup 2007"]
[Site "Helsingor"]
[Date "2007.07.26"]
[Round "8.24"]
[White "Nielsen, Lars Aaes"]
[Black "Hector, Jonny"]
[Result "0-1"]
[WhiteElo "2242"]
[BlackElo "2550"]
[PlyCount "120"]
[EventDate "2007.??.??"]

1. e4 e5 2. Nf3 Nc6 3. d4 exd4 4. Nxd4 Qf6 5. Nxc6 dxc6 6. Qf3 Qe7 7. Nc3 g6 8.
Bf4 Bg7 9. O-O-O Nf6 10. Qe3 Ng4 11. Qd2 O-O 12. h3 Bxc3 13. Qxc3 Nxf2 14. Bh6
f6 15. Bxf8 Kxf8 16. Bc4 Nxh1 17. Rxh1 Be6 18. Bxe6 Qxe6 19. Rf1 Ke7 20. e5
fxe5 21. Re1 Kf6 22. g4 Re8 23. Qa5 Re7 24. Qxa7 Kg7 25. Qxb7 Qxa2 26. Qb4 Qa1+
27. Kd2 Rd7+ 28. Ke2 Qa6+ 29. Kf2 Rf7+ 30. Kg3 Qa7 31. Qd2 Qc5 32. Qe3 Qxe3+
33. Rxe3 Re7 34. Rc3 Re6 35. Kf3 Kf6 36. h4 Rd6 37. Rc4 Ke6 38. Ke4 c5 39. c3
Rd2 40. Rxc5 Kd6 41. b4 c6 42. Kf3 Rh2 43. Kg3 Rh1 44. Rc4 Rf1 45. Kg2 Rd1 46.
Kf3 h6 47. Rc5 Rf1+ 48. Kg2 Rf4 49. Kg3 h5 50. gxh5 gxh5 51. Kh3 Rg4 52. Ra5
Rc4 53. Ra3 Kd5 54. Kg3 Ke4 55. Rb3 Kd3 56. Rb1 Kxc3 57. b5 Kc2 58. Re1 cxb5
59. Rxe5 b4 60. Rxh5 b3 0-1

[Event "Politiken Cup 2007"]
[Site "Helsingor"]
[Date "2007.07.26"]
[Round "8.25"]
[White "Karttunen, Mika"]
[Black "Tadjerbashi, Amir"]
[Result "1-0"]
[WhiteElo "2447"]
[BlackElo "2182"]
[PlyCount "61"]
[EventDate "2007.??.??"]

1. d4 d5 2. c4 c6 3. e3 Nf6 4. Nc3 e6 5. b3 Bb4 6. Bd2 Bd6 7. Bd3 Nbd7 8. c5
Bc7 9. f4 b6 10. b4 a5 11. a3 axb4 12. axb4 Rxa1 13. Qxa1 bxc5 14. bxc5 Ng4 15.
Qa8 Nb8 16. Nf3 f6 17. h3 Nh6 18. e4 O-O 19. e5 fxe5 20. dxe5 Qe7 21. Na4 Nf7
22. O-O g5 23. g3 h5 24. Rb1 Bd7 25. Qa7 Rc8 26. h4 g4 27. Nd4 Nxe5 28. fxe5
Bxe5 29. Ne2 Rf8 30. Bf4 Bxf4 31. Nxf4 1-0

[Event "Politiken Cup 2007"]
[Site "Helsingor"]
[Date "2007.07.26"]
[Round "8.26"]
[White "Sorensen, Torben"]
[Black "Christensen, Svend Ellegaard"]
[Result "1/2-1/2"]
[WhiteElo "2375"]
[BlackElo "2199"]
[PlyCount "109"]
[EventDate "2007.??.??"]

1. Nf3 Nf6 2. c4 e6 3. g3 b6 4. Bg2 Bb7 5. O-O Be7 6. Nc3 O-O 7. Re1 d5 8. cxd5
exd5 9. d4 Re8 10. Bg5 h6 11. Bxf6 Bxf6 12. Rc1 Na6 13. Qa4 c6 14. e4 b5 15.
Qb3 dxe4 16. Nxe4 Bxd4 17. Rcd1 c5 18. Nxd4 cxd4 19. Qxb5 Bxe4 20. Rxe4 Rxe4
21. Bxe4 Nc7 22. Qa4 Ne6 23. Bxa8 Qxa8 24. Rxd4 Nxd4 25. Qxd4 a5 26. b3 Qc8 27.
h4 Qc1+ 28. Kh2 Qc2 29. a3 Qxb3 30. Qd8+ Kh7 31. Qxa5 Qc2 32. Qa7 Qc4 33. a4 f5
34. Qd7 Qe4 35. a5 f4 36. g4 Qe1 37. Qf5+ Kh8 38. Kg2 Qc1 39. Kf3 Qh1+ 40. Ke2
Qxh4 41. Qxf4 Qe7+ 42. Kf1 Qd8 43. Qf5 Qa8 44. Kg1 Qc6 45. Kh2 Qc7+ 46. Kg2
Qc6+ 47. Qf3 Qc8 48. Qe4 Qa6 49. Qd5 Qc8 50. f3 Qc2+ 51. Kg3 Qc7+ 52. Kh3 Qc8
53. Kh4 Qb8 54. Qa2 Qf4 55. Qe2 1/2-1/2

[Event "Politiken Cup 2007"]
[Site "Helsingor"]
[Date "2007.07.26"]
[Round "8.27"]
[White "Thorhallsson, Gylfi"]
[Black "Jepson, Christian"]
[Result "0-1"]
[WhiteElo "2195"]
[BlackElo "2374"]
[PlyCount "80"]
[EventDate "2007.??.??"]

1. e4 e5 2. Nf3 Nc6 3. Bb5 a6 4. Ba4 Nf6 5. Nc3 d6 6. Bxc6+ bxc6 7. d4 exd4 8.
Nxd4 Bd7 9. O-O Be7 10. e5 dxe5 11. Nf3 e4 12. Ng5 Bf5 13. Qe2 O-O 14. Ngxe4
Re8 15. Qf3 Nxe4 16. Nxe4 Qd5 17. Ng3 Bxc2 18. Bf4 Qxf3 19. gxf3 c5 20. Rac1
Bd3 21. Rfd1 c4 22. Bxc7 Rac8 23. Bf4 f5 24. Be5 Bg5 25. f4 Rxe5 26. fxe5 Bxc1
27. Rxc1 Kf7 28. Rd1 f4 29. Nh5 Be2 30. Rd7+ Ke8 31. Rxg7 Bxh5 32. Rxh7 Bf7 33.
a3 Rc5 34. Rh4 Rxe5 35. Rxf4 Re2 36. Kf1 Rxb2 37. Ke1 Rb3 38. Rf6 Rxa3 39. Kd2
Ke7 40. Rc6 Bd5 0-1

[Event "Politiken Cup 2007"]
[Site "Helsingor"]
[Date "2007.07.26"]
[Round "8.28"]
[White "Larsen, Karsten"]
[Black "Duchene, Rene"]
[Result "1-0"]
[WhiteElo "2325"]
[BlackElo "2188"]
[PlyCount "81"]
[EventDate "2007.??.??"]

1. e4 e6 2. d4 d5 3. Nc3 Nf6 4. e5 Nfd7 5. f4 c5 6. Nf3 Nc6 7. Be3 Qb6 8. Na4
Qa5+ 9. c3 b6 10. Bd2 c4 11. b3 b5 12. Nb2 Ba3 13. Qc2 f5 14. Be2 O-O 15. O-O
Qd8 16. Nd1 Nb6 17. Ne3 a5 18. g4 g6 19. gxf5 gxf5 20. Kh1 Kh8 21. Rg1 Be7 22.
Rg3 Ba6 23. Rag1 b4 24. Qd1 a4 25. Qf1 Rf7 26. cxb4 axb3 27. axb3 Bb7 28. b5
Na5 29. b4 Nb3 30. Be1 c3 31. Bxc3 Nc4 32. Bxc4 dxc4 33. Qxc4 Nxd4 34. Bxd4 Rg7
35. h3 Rc8 36. Qd3 Be4 37. Qd2 Rxg3 38. Rxg3 Qc7 39. Kh2 Qc1 40. Qxc1 Rxc1 41.
Bc5 1-0

[Event "Politiken Cup 2007"]
[Site "Helsingor"]
[Date "2007.07.26"]
[Round "8.31"]
[White "Corke, Anya"]
[Black "Van Eijk, Sander"]
[Result "1/2-1/2"]
[WhiteElo "2149"]
[BlackElo "2274"]
[PlyCount "85"]
[EventDate "2007.??.??"]

1. d4 e6 2. Nf3 Nf6 3. e3 b6 4. Nbd2 Bb7 5. Bd3 d6 6. b3 Nbd7 7. Bb2 g6 8. e4
Bg7 9. c4 O-O 10. Qc2 Nh5 11. g3 f5 12. exf5 exf5 13. O-O Qf6 14. Rab1 Rae8 15.
d5 Qd8 16. Nd4 Nc5 17. N2f3 a6 18. b4 Nxd3 19. Qxd3 Bc8 20. Nc6 Qd7 21. Nb8 Qf7
22. h3 Bxb2 23. Rxb2 Bb7 24. Nc6 Bxc6 25. dxc6 Re4 26. c5 dxc5 27. bxc5 b5 28.
Ng5 Qf6 29. Qd5+ Kh8 30. Nxe4 Qxb2 31. Ng5 Qf6 32. Ne6 Rf7 33. Rd1 h6 34. Qd8+
Kh7 35. Qe8 Ng7 36. Nxg7 Rxg7 37. Rd7 g5 38. Qc8 Qxc6 39. Rxg7+ Kxg7 40. Qxf5
Qe8 41. Qd5 c6 42. Qd4+ Kf7 43. Qd3 1/2-1/2

[Event "Politiken Cup 2007"]
[Site "Helsingor"]
[Date "2007.07.26"]
[Round "8.32"]
[White "Hagen, Andreas Skytte"]
[Black "Holst, Conny"]
[Result "1/2-1/2"]
[WhiteElo "2256"]
[BlackElo "2139"]
[PlyCount "77"]
[EventDate "2007.??.??"]

1. Nf3 Nf6 2. c4 g6 3. Nc3 Bg7 4. e4 d6 5. d4 O-O 6. Be2 e5 7. O-O exd4 8. Nxd4
Re8 9. f3 Nc6 10. Be3 Nh5 11. Qd2 Nf4 12. Rfd1 Nxd4 13. Bxd4 Qg5 14. Bf1 Bxd4+
15. Qxd4 Be6 16. Kh1 a6 17. g3 Nh5 18. Bg2 Qe5 19. Qd3 Nf6 20. b3 Rab8 21. Nd5
Bxd5 22. cxd5 Nd7 23. Qc2 Rbc8 24. Bh3 Re7 25. Rac1 c5 26. dxc6 Rxc6 27. Qd2
Rxc1 28. Rxc1 Qf6 29. Kg2 Ne5 30. Rc8+ Kg7 31. Qc3 h5 32. b4 Kh7 33. a4 b5 34.
a5 Kg7 35. Kf2 Kh7 36. f4 Ng4+ 37. Bxg4 Qxc3 38. Rxc3 hxg4 39. Rc6 1/2-1/2

[Event "Politiken Cup 2007"]
[Site "Helsingor"]
[Date "2007.07.26"]
[Round "8.33"]
[White "Jonsson, Krister"]
[Black "Holm, Sejer"]
[Result "0-1"]
[WhiteElo "2114"]
[BlackElo "2262"]
[PlyCount "98"]
[EventDate "2007.??.??"]

1. d4 d5 2. c4 e6 3. Nc3 c5 4. cxd5 exd5 5. Nf3 Nc6 6. g3 Nf6 7. Bg2 Be7 8. O-O
c4 9. Bg5 O-O 10. Ne5 Ng4 11. Bxe7 Nxe7 12. Nxg4 Bxg4 13. b3 Qa5 14. Rc1 Rad8
15. f3 Be6 16. Kh1 b5 17. e4 cxb3 18. axb3 Qb6 19. Ne2 dxe4 20. fxe4 Bg4 21.
Bf3 Bxf3+ 22. Rxf3 f5 23. Qd3 Qb7 24. Re3 a6 25. Kg1 Qd7 26. Rc5 fxe4 27. Qxe4
Nd5 28. Qe6+ Qxe6 29. Rxe6 Nb4 30. Re7 Rf7 31. Rcc7 Rxe7 32. Rxe7 Kf8 33. Rc7
Re8 34. Kf2 Re7 35. Rxe7 Kxe7 36. Ke3 Nd5+ 37. Ke4 Kd6 38. Kd3 a5 39. Nc1 Ke6
40. Ne2 Kf5 41. h3 h5 42. Ng1 Nb4+ 43. Ke3 a4 44. bxa4 bxa4 45. Kd2 Ke4 46. Kc3
Nd5+ 47. Kc4 a3 48. Kb3 Kxd4 49. g4 Ne3 0-1

[Event "Politiken Cup 2007"]
[Site "Helsingor"]
[Date "2007.07.26"]
[Round "8.34"]
[White "Arvola, Benjamin"]
[Black "Aabling-Thomsen, Jakob"]
[Result "0-1"]
[WhiteElo "2022"]
[BlackElo "2242"]
[PlyCount "46"]
[EventDate "2007.??.??"]

1. d4 g6 2. c4 Bg7 3. Nc3 d6 4. e4 e5 5. Nf3 Nc6 6. dxe5 dxe5 7. Qxd8+ Kxd8 8.
Nd5 Be6 9. Bg5+ f6 10. O-O-O Kc8 11. Be3 Nce7 12. Bc5 Nxd5 13. cxd5 Bd7 14. Kb1
Nh6 15. Be2 Nf7 16. Rc1 Kd8 17. Rc2 Nd6 18. Nd2 Bh6 19. Bxd6 cxd6 20. Nc4 Ke7
21. Na5 Rhc8 22. Nxb7 Rxc2 23. Kxc2 a5 0-1

[Event "Politiken Cup 2007"]
[Site "Helsingor"]
[Date "2007.07.26"]
[Round "8.35"]
[White "Hanssen, Gunnar Berg"]
[Black "Svanholm, Børge Waaktaar"]
[Result "0-1"]
[WhiteElo "2242"]
[BlackElo "1977"]
[PlyCount "82"]
[EventDate "2007.??.??"]

1. Nf3 Nf6 2. c4 g6 3. g3 Bg7 4. Bg2 d6 5. d4 O-O 6. O-O Nbd7 7. Nc3 e5 8. e4
exd4 9. Nxd4 Re8 10. h3 a6 11. Be3 Rb8 12. b3 c5 13. Nde2 Ne5 14. Rc1 Qc7 15.
f4 Nc6 16. a4 Na7 17. b4 b5 18. bxc5 dxc5 19. cxb5 axb5 20. e5 Nd7 21. Nd5 Qa5
22. axb5 Nxb5 23. Ra1 Qd8 24. Bd2 Bb7 25. Rb1 Bxd5 26. Bxd5 Nxe5 27. Be1 Nd7
28. Rxb5 Rxb5 29. Bc6 Rb2 30. Rf2 Nf8 31. Bd5 Qe7 32. Kf1 Rd8 33. Bc3 Bxc3 34.
Nxc3 Rxf2+ 35. Kxf2 Qf6 36. Qf3 Qd4+ 37. Kf1 Ne6 38. f5 gxf5 39. g4 fxg4 40.
hxg4 Qf4 41. Bxe6 Qxf3+ 0-1

[Event "Politiken Cup 2007"]
[Site "Helsingor"]
[Date "2007.07.26"]
[Round "8.36"]
[White "Roelvaag, Mikael"]
[Black "Nielsen, Carsten Juul"]
[Result "1/2-1/2"]
[WhiteElo "2245"]
[BlackElo "2115"]
[PlyCount "103"]
[EventDate "2007.??.??"]

1. d4 Nf6 2. Nf3 e6 3. c4 b6 4. a3 Bb7 5. Nc3 d6 6. Qc2 Nbd7 7. e4 e5 8. d5 Be7
9. Be2 Nf8 10. O-O Ng6 11. g3 Bc8 12. Ne1 h5 13. Nd1 Bh3 14. Ng2 h4 15. Nde3
Nh5 16. Nf5 Bf8 17. Qa4+ Qd7 18. Qxd7+ Kxd7 19. Re1 hxg3 20. hxg3 Nf6 21. f3
Bxf5 22. exf5 Ne7 23. Bd3 g6 24. fxg6 fxg6 25. Bd2 Bh6 26. Bc3 g5 27. g4 c6 28.
dxc6+ Nxc6 29. Ne3 Ne7 30. Rad1 Kc7 31. Kg2 Bg7 32. Rh1 Nd7 33. b4 Rxh1 34.
Rxh1 Rh8 35. Rxh8 Bxh8 36. Bd2 Bf6 37. Nf1 d5 38. Ng3 e4 39. fxe4 Ne5 40. Be2
Nxc4 41. Bc1 Kd6 42. exd5 Kxd5 43. Nh5 Be5 44. Bxg5 Ng6 45. Bc1 Kd4 46. g5 Ne3+
47. Kf2 Nc4 48. Kf3 b5 49. Nf6 Bc7 50. Nd7 a5 51. bxa5 Bxa5 52. Kg4 1/2-1/2

[Event "Politiken Cup 2007"]
[Site "Helsingor"]
[Date "2007.07.26"]
[Round "8.37"]
[White "Nohr, Finn"]
[Black "Bleis, Christian Dr"]
[Result "0-1"]
[WhiteElo "2087"]
[BlackElo "2246"]
[PlyCount "120"]
[EventDate "2007.??.??"]

1. e4 c6 2. d4 d5 3. e5 c5 4. dxc5 e6 5. Be3 Nh6 6. c3 Qc7 7. Nf3 Bxc5 8. Bxc5
Qxc5 9. Na3 Bd7 10. Bd3 b5 11. O-O a6 12. Qd2 Qe7 13. Nc2 Nc6 14. Rfe1 f6 15.
Ncd4 f5 16. Nxc6 Bxc6 17. Nd4 Bd7 18. Qe2 O-O 19. a4 bxa4 20. Bxa6 Nf7 21. Bb7
Ra7 22. Bc6 Rb8 23. b4 Nd8 24. Bxd7 Qxd7 25. b5 a3 26. Ra2 Qc7 27. Qd3 Qc5 28.
Kf1 Ra4 29. Rea1 Rc8 30. Ne2 Nb7 31. Nd4 Nd8 32. Ne2 Kf7 33. b6 Nb7 34. Rb1 Qa5
35. Qb5 Qxb5 36. Rxb5 Ra6 37. Rb3 Rc6 38. Raxa3 Rxa3 39. Rxa3 Rxb6 40. Ke1 Nc5
41. Ra7+ Kf8 42. Kd2 Ne4+ 43. Ke3 Rc6 44. Nd4 Rxc3+ 45. Ke2 Nc5 46. Rc7 Rc4 47.
Rxc5 Rxd4 48. f3 Ra4 49. Rc8+ Kf7 50. Rc7+ Kg6 51. Rc6 Ra2+ 52. Kf1 Kg5 53. g3
f4 54. Rxe6 Rxh2 55. g4 Kh4 56. Rb6 Kg3 57. Rb3 Rh6 58. Ke2 Re6 59. Kd3 Rxe5
60. Kd4 Re3 0-1

[Event "Politiken Cup 2007"]
[Site "Helsingor"]
[Date "2007.07.26"]
[Round "8.38"]
[White "Braüner, Jonathan"]
[Black "Jacobsen, Per"]
[Result "1-0"]
[WhiteElo "1284"]
[BlackElo "1730"]
[PlyCount "82"]
[EventDate "2007.??.??"]

1. e4 Nf6 2. Nc3 d6 3. d4 g6 4. Nf3 Bg7 5. Bg5 Nbd7 6. Bc4 O-O 7. O-O c6 8. Re1
b5 9. Bb3 b4 10. Na4 Qc7 11. e5 dxe5 12. dxe5 Ng4 13. Bxe7 Re8 14. Bxb4 Ndxe5
15. Nxe5 Nxe5 16. Bd6 Qa5 17. Bxe5 Bxe5 18. Qf3 Bf5 19. Nc3 Qc7 20. h3 Rad8 21.
Rad1 Rd7 22. Rxd7 Bh2+ 23. Kf1 Rxe1+ 24. Kxe1 Qxd7 25. Qd1 Qe7+ 26. Qe2 Qd7 27.
g4 Be6 28. Bxe6 fxe6 29. Qd2 Qc7 30. Ne4 Be5 31. c3 Qb7 32. Nc5 Qe7 33. b4 Qf6
34. Nd7 Qf4 35. Qxf4 Bxf4 36. Ke2 Kf7 37. Nc5 Kf6 38. h4 h6 39. a4 Ke5 40. Nd3+
Ke4 41. f3+ Kd5 1-0

[Event "Politiken Cup 2007"]
[Site "Helsingor"]
[Date "2007.07.26"]
[Round "8.39"]
[White "Hirneise, Jens"]
[Black "Andreasen, Per"]
[Result "0-1"]
[WhiteElo "2090"]
[BlackElo "2228"]
[PlyCount "52"]
[EventDate "2007.??.??"]

1. e4 g6 2. d4 Bg7 3. Nc3 d6 4. f4 a6 5. Nf3 b5 6. Bd3 Nd7 7. e5 c5 8. Be4 Rb8
9. Be3 b4 10. Ne2 Nh6 11. dxc5 Nxc5 12. Bc6+ Bd7 13. Bxc5 Bxc6 14. exd6 Rb5 15.
Bd4 O-O 16. Bxg7 Kxg7 17. Qd4+ Kg8 18. Ne5 Bxg2 19. dxe7 Qxe7 20. Rg1 Nf5 21.
Qf2 Be4 22. c4 Rxe5 23. fxe5 Qxe5 24. O-O-O Rc8 25. b3 Qa1+ 26. Kd2 Rd8+ 0-1

[Event "Politiken Cup 2007"]
[Site "Helsingor"]
[Date "2007.07.26"]
[Round "8.40"]
[White "Andersen, Lars Rene"]
[Black "Christensen, Bo Garner"]
[Result "0-1"]
[WhiteElo "2081"]
[BlackElo "2223"]
[PlyCount "118"]
[EventDate "2007.??.??"]

1. d4 f5 2. c4 Nf6 3. g3 g6 4. Bg2 Bg7 5. Nf3 O-O 6. O-O d6 7. Nc3 Nc6 8. d5
Ne5 9. Qb3 Nfd7 10. Nxe5 dxe5 11. Bd2 h6 12. Rad1 a5 13. Qa3 e4 14. Bc1 b6 15.
Nb5 Ne5 16. b3 Bd7 17. Nd4 a4 18. Qb4 Kh7 19. f4 Nf7 20. Kh1 Nd6 21. Be3 axb3
22. axb3 Ra2 23. Ra1 Qa8 24. Qc3 Rxa1 25. Rxa1 Qb7 26. Ra2 e6 27. dxe6 Bxe6 28.
Qc1 Bd7 29. h3 Ra8 30. Rxa8 Qxa8 31. c5 bxc5 32. Qxc5 Qb7 33. Kh2 Qb6 34. Qd5
Qb4 35. Nc6 Bxc6 36. Qxc6 Qxb3 37. Bc5 Qb7 38. Qd7 Qc8 39. Qe7 Nb5 40. g4 Kg8
41. gxf5 gxf5 42. e3 Bf8 43. Qf6 Bxc5 44. Qg6+ Kf8 45. Qf6+ Ke8 46. Qc6+ Qd7
47. Qxc5 Kf7 48. Qe5 Nd6 49. Bf1 Qe6 50. Qc5 Qe7 51. Be2 Kg6 52. Bc4 Qh4 53.
Qxc7 Qf2+ 54. Kh1 Qe1+ 55. Kg2 Qd2+ 56. Kh1 Qc1+ 57. Kh2 Qc2+ 58. Kg3 Qd1 59.
Bg8 Qg1+ 0-1

[Event "Politiken Cup 2007"]
[Site "Helsingor"]
[Date "2007.07.26"]
[Round "8.41"]
[White "Jorgensen, Dennis"]
[Black "Cannon, Richard J"]
[Result "1-0"]
[WhiteElo "2190"]
[BlackElo "2104"]
[PlyCount "131"]
[EventDate "2007.??.??"]

1. d4 e6 2. Nf3 Nf6 3. g3 c5 4. Bg2 Nc6 5. O-O cxd4 6. Nxd4 Qb6 7. Nb3 Be7 8.
e4 O-O 9. Nc3 a6 10. Qe2 Qc7 11. Re1 d6 12. Be3 Ne5 13. Rad1 Nc4 14. Bc1 Rb8
15. f4 b5 16. Rd3 Bb7 17. g4 b4 18. Nd1 d5 19. Nf2 Nxe4 20. Nxe4 dxe4 21. Bxe4
Qb6+ 22. Kh1 Bxe4+ 23. Qxe4 Qb7 24. Nd4 Rfc8 25. Qxb7 Rxb7 26. Nf3 Bf6 27. Red1
Kf8 28. c3 bxc3 29. bxc3 Ke8 30. g5 Be7 31. Nd4 Bc5 32. Nb3 Bb6 33. Rh3 Rd8 34.
Rxd8+ Kxd8 35. Rxh7 g6 36. Rh8+ Ke7 37. Rc8 Rc7 38. Rxc7+ Bxc7 39. Kg2 e5 40.
Kf3 Bd6 41. Ke4 Ke6 42. h4 a5 43. fxe5 Bxe5 44. Nc5+ Kd6 45. Nb7+ Ke6 46. Nd8+
Kd7 47. Nxf7 Bg3 48. Kd5 Nb6+ 49. Kc5 Na4+ 50. Kc4 Ke6 51. Nh6 Bxh4 52. Bd2
Nb2+ 53. Kb5 Kd5 54. Ng8 Ke4 55. Ne7 Nd1 56. c4 Kd3 57. Nxg6 Bg3 58. Bxa5 Ke4
59. Ne7 Bh4 60. g6 Bf6 61. Nd5 Bg7 62. a4 Kf5 63. Bc7 Kxg6 64. a5 Bd4 65. c5
Nf2 66. a6 1-0

[Event "Politiken Cup 2007"]
[Site "Helsingor"]
[Date "2007.07.26"]
[Round "8.42"]
[White "Roder, Peter"]
[Black "Molvig, Henrik"]
[Result "1/2-1/2"]
[WhiteElo "2080"]
[BlackElo "2215"]
[PlyCount "23"]
[EventDate "2007.??.??"]

1. e4 c5 2. Nf3 d6 3. d4 cxd4 4. Nxd4 Nf6 5. Nc3 a6 6. Bc4 e6 7. Bb3 Nbd7 8.
Bg5 h6 9. Bh4 Qa5 10. Qe2 Qh5 11. Nf3 b5 12. O-O-O 1/2-1/2

[Event "Politiken Cup 2007"]
[Site "Helsingor"]
[Date "2007.07.26"]
[Round "8.44"]
[White "Blomstrom, Lars"]
[Black "Strand, Kjetil"]
[Result "1-0"]
[WhiteElo "2197"]
[BlackElo "2081"]
[PlyCount "57"]
[EventDate "2007.??.??"]

1. e4 e5 2. Nf3 Nc6 3. Bb5 a6 4. Ba4 Nf6 5. O-O Be7 6. Bxc6 dxc6 7. d3 Nd7 8.
Nbd2 O-O 9. Nc4 Bd6 10. d4 Qe7 11. Re1 f6 12. c3 b5 13. Ne3 c5 14. a4 Rb8 15.
axb5 axb5 16. Nf5 Qe6 17. N3h4 Kh8 18. d5 Qf7 19. Ra7 Rb7 20. Rxb7 Bxb7 21.
Nxd6 cxd6 22. Nf5 Nb6 23. Nxd6 Qd7 24. Nxb7 Qxb7 25. f4 Nc4 26. fxe5 fxe5 27.
Rf1 Re8 28. Qh5 Nd6 29. Qxe8+ 1-0

[Event "Politiken Cup 2007"]
[Site "Helsingor"]
[Date "2007.07.26"]
[Round "8.45"]
[White "Zelbel, Patrick"]
[Black "Orndahl, Markus"]
[Result "1-0"]
[WhiteElo "2193"]
[BlackElo "2078"]
[PlyCount "71"]
[EventDate "2007.??.??"]

1. e4 e6 2. d4 d5 3. Nd2 c5 4. exd5 Qxd5 5. Ngf3 cxd4 6. Bc4 Qd6 7. O-O Nf6 8.
Nb3 Nc6 9. Nbxd4 Nxd4 10. Nxd4 a6 11. Re1 Qc7 12. Bb3 Bd6 13. Nf5 Bxh2+ 14. Kh1
O-O 15. Nxg7 Rd8 16. Qf3 Kxg7 17. Bh6+ Kg6 18. c3 e5 19. Bc2+ e4 20. Bxe4+ Nxe4
21. Rxe4 Qc6 22. Qe3 Qd5 23. Rh4 Bc7 24. f4 Qd3 25. Qe7 Qf5 26. Qxc7 Qe6 27.
Re1 Rd7 28. Rxe6+ fxe6 29. f5+ exf5 30. Qg3+ Kf6 31. Rf4 Rd1+ 32. Kh2 Rd5 33.
Bg7+ Ke6 34. Qe3+ Kd7 35. Rxf5 Rxf5 36. Qd3+ 1-0

[Event "Politiken Cup 2007"]
[Site "Helsingor"]
[Date "2007.07.26"]
[Round "8.46"]
[White "Pedersen, Henrik B"]
[Black "Hensbergen, Willem"]
[Result "1-0"]
[WhiteElo "2189"]
[BlackElo "2076"]
[PlyCount "69"]
[EventDate "2007.??.??"]

1. e4 Nf6 2. e5 Nd5 3. d4 d6 4. Nf3 g6 5. Bc4 Nb6 6. Bb3 Bg7 7. Ng5 e6 8. Qf3
Qe7 9. Ne4 dxe5 10. Bg5 Qb4+ 11. c3 Qa5 12. Bf6 Bxf6 13. Qxf6 O-O 14. Qxe5 Nc6
15. Qxc7 Nxd4 16. Bd1 Nc6 17. O-O Qe5 18. Qxe5 Nxe5 19. b3 Rd8 20. f4 Nd3 21.
Be2 f5 22. Ng5 e5 23. Rd1 e4 24. c4 h6 25. Nh3 Be6 26. Bxd3 Rxd3 27. Rxd3 exd3
28. Nf2 a5 29. a4 Nd7 30. Nxd3 Rd8 31. Nc3 b6 32. Rd1 Nc5 33. Nxc5 Rxd1+ 34.
Nxd1 bxc5 35. Nb2 1-0

[Event "Politiken Cup 2007"]
[Site "Helsingor"]
[Date "2007.07.26"]
[Round "8.47"]
[White "Doran, Chris"]
[Black "Wiwe, Andreas"]
[Result "1/2-1/2"]
[WhiteElo "2060"]
[BlackElo "2187"]
[PlyCount "106"]
[EventDate "2007.??.??"]

1. e4 c5 2. Nf3 d6 3. d4 cxd4 4. Nxd4 Nf6 5. Nc3 a6 6. Bg5 e6 7. f4 Qc7 8. Bxf6
gxf6 9. Qd2 Nc6 10. O-O-O Bd7 11. Bc4 O-O-O 12. Kb1 Be7 13. f5 Nxd4 14. Qxd4
Qc5 15. Qd3 Kb8 16. Rhf1 h5 17. Ne2 Rdg8 18. Nf4 b5 19. Bb3 Qe5 20. Qe3 Bd8 21.
g3 exf5 22. Bxf7 fxe4 23. Bxg8 Rxg8 24. Rd5 Qe7 25. Qa3 Bc8 26. Rxd6 Qb7 27.
Nd5 f5 28. Nb4 Be7 29. Nxa6+ Ka8 30. Nc7+ Kb8 31. Na6+ Ka8 32. Nb4+ Kb8 33.
Nc6+ Qxc6 34. Rxc6 Bxa3 35. bxa3 h4 36. Rb6+ Kc7 37. Rxb5 hxg3 38. hxg3 Rxg3
39. Kb2 Kd6 40. Rfxf5 Bxf5 41. Rxf5 e3 42. Kc3 e2+ 43. Kd2 Rxa3 44. Kxe2 Rxa2
45. Kd3 Ra4 46. c3 Rh4 47. Rg5 Kc6 48. c4 Rh3+ 49. Kd4 Rh4+ 50. Kc3 Rh1 51. Rg3
Kc5 52. Rg5+ Kc6 53. Rg2 Kc5 1/2-1/2

[Event "Politiken Cup 2007"]
[Site "Helsingor"]
[Date "2007.07.26"]
[Round "8.48"]
[White "Laursen, Niels Norskov"]
[Black "Eklund, Joel"]
[Result "1/2-1/2"]
[WhiteElo "2186"]
[BlackElo "2067"]
[PlyCount "91"]
[EventDate "2007.??.??"]

1. e4 c5 2. Nf3 e6 3. d4 cxd4 4. Nxd4 a6 5. Nc3 Qc7 6. Bd3 Bc5 7. Nb3 Be7 8.
Qg4 Nf6 9. Qxg7 Rg8 10. Qh6 Rxg2 11. Bf4 d6 12. Bg3 b5 13. a3 Bb7 14. Kf1 Rxg3
15. hxg3 Nbd7 16. Qe3 Ne5 17. Nd4 Qc5 18. Rd1 O-O-O 19. Be2 Rg8 20. b4 Qc7 21.
f4 Nc4 22. Bxc4 Qxc4+ 23. Nde2 Nxe4 24. Rd4 Nxg3+ 25. Qxg3 Rxg3 26. Rxc4+ bxc4
27. Nxg3 Bxh1 28. Nxh1 d5 29. Nf2 Bd6 30. Ne2 a5 31. bxa5 Kb7 32. Ng4 Ka6 33.
Nh6 f6 34. Ng8 f5 35. Nf6 Kxa5 36. Nxh7 e5 37. Nf6 d4 38. fxe5 Bxe5 39. Nd5 d3
40. cxd3 cxd3 41. Nec3 Bd4 42. Ke1 f4 43. Kd2 f3 44. Ne3 Bc5 45. a4 Bd4 46.
Kxd3 1/2-1/2

[Event "Politiken Cup 2007"]
[Site "Helsingor"]
[Date "2007.07.26"]
[Round "8.49"]
[White "Nielsen, Jan Mose"]
[Black "Vigfusson, Vigfus"]
[Result "1-0"]
[WhiteElo "2175"]
[BlackElo "2059"]
[PlyCount "103"]
[EventDate "2007.??.??"]

1. e4 e5 2. Nf3 Nf6 3. d4 Nxe4 4. Nxe5 d5 5. Bd3 Nd7 6. O-O Nxe5 7. dxe5 Bd7 8.
Nd2 Nc5 9. Be2 c6 10. c4 Be6 11. b4 Ne4 12. Nxe4 dxe4 13. Qb3 Qh4 14. b5 Bc5
15. Be3 Qe7 16. bxc6 bxc6 17. Bf4 O-O 18. Qg3 Kh8 19. Rab1 Rab8 20. Bg5 Qc7 21.
Kh1 Bd4 22. Bf4 Rxb1 23. Rxb1 Rb8 24. Rd1 c5 25. Qa3 h6 26. f3 g5 27. Bg3 e3
28. f4 Qb6 29. Qd3 gxf4 30. Bxf4 Qc7 31. Bxh6 Qxe5 32. Rf1 Rb4 33. Bf4 Qg7 34.
Bxe3 Bxc4 35. Bxd4 Qxd4 36. Qh3+ Kg8 37. Qc8+ Kg7 38. Bxc4 Qxc4 39. Qf5 Rb6 40.
Qe5+ Kh7 41. Qf5+ Kg7 42. h3 Rg6 43. Qe5+ Kh7 44. Rf5 Qxa2 45. Rh5+ Rh6 46.
Qf5+ Kg7 47. Qg5+ Rg6 48. Qe5+ f6 49. Qe7+ Qf7 50. Rh7+ Kxh7 51. Qxf7+ Rg7 52.
Qxf6 1-0

[Event "Politiken Cup 2007"]
[Site "Helsingor"]
[Date "2007.07.26"]
[Round "8.50"]
[White "Schmied, Andreas"]
[Black "Salama, Omar"]
[Result "1/2-1/2"]
[WhiteElo "2054"]
[BlackElo "2173"]
[PlyCount "54"]
[EventDate "2007.??.??"]

1. e4 c5 2. Nf3 Nc6 3. d4 cxd4 4. Nxd4 Nf6 5. Nc3 e5 6. Ndb5 d6 7. Bg5 a6 8.
Na3 b5 9. Nd5 Qa5+ 10. Bd2 Qd8 11. Bg5 Be7 12. Bxf6 Bxf6 13. c3 O-O 14. Nc2 Bg5
15. a4 bxa4 16. Rxa4 a5 17. Bc4 Rb8 18. b3 Kh8 19. Nce3 Bxe3 20. Nxe3 Ne7 21.
O-O Bd7 22. Ra2 Bc6 23. Nd5 Bxd5 24. Bxd5 Qc7 25. Qd3 Nxd5 26. Qxd5 Qxc3 27.
Rxa5 Rxb3 1/2-1/2

[Event "Politiken Cup 2007"]
[Site "Helsingor"]
[Date "2007.07.26"]
[Round "8.51"]
[White "Smeele, Frank"]
[Black "Sihvonen, Tero"]
[Result "1-0"]
[WhiteElo "2173"]
[BlackElo "2056"]
[PlyCount "115"]
[EventDate "2007.??.??"]

1. c4 e5 2. Nc3 g6 3. g3 c6 4. Bg2 Bg7 5. e3 d6 6. d4 Ne7 7. Nge2 O-O 8. O-O f5
9. dxe5 dxe5 10. Qxd8 Rxd8 11. e4 Na6 12. Bg5 Re8 13. Rad1 Be6 14. b3 h6 15.
Bc1 Rad8 16. Ba3 Nc8 17. Nc1 Nb6 18. Rfe1 Kf7 19. Nd3 Bc8 20. c5 Nd7 21. b4 Nc7
22. Nb2 Nb5 23. Nxb5 cxb5 24. Nd3 fxe4 25. Bxe4 Nb8 26. Bb2 Nc6 27. f3 Bf5 28.
a3 Bxe4 29. fxe4 Nd4 30. Bxd4 Rxd4 31. Nf2 Red8 32. Rxd4 exd4 33. Nd3 Ke6 34.
Kf2 g5 35. Ke2 Rc8 36. Rc1 Kd7 37. Rf1 Ke6 38. Rf5 Ra8 39. h4 Bf6 40. hxg5 hxg5
41. Rd5 Rh8 42. Rd6+ Ke7 43. e5 Rh2+ 44. Kf3 Bh8 45. Rxd4 Ra2 46. Rd6 Rxa3 47.
Ke4 a5 48. Rb6 axb4 49. Rxb7+ Ke6 50. Rb6+ Ke7 51. g4 b3 52. Rxb5 Ra4+ 53. Kd5
Rxg4 54. Rxb3 Rh4 55. c6 g4 56. Nf4 Kd8 57. Ne6+ Kc8 58. c7 1-0